000 00559nam a22002177a 4500
999 _c5100
_d5100
003 OSt
005 20260310020129.0
008 160829b xxu||||| |||| 00| 0 eng d
020 _a9781444174274
040 _cDMLN
082 _aWO18 C267j 2014
100 _aGossage, James A. [et....al]
_910931
245 _a100 Cases in Surgery
250 _a2nd ed.
260 _aBoca Raton; CRC Press, 2014
300 _ax,237p; ccol.ill: 23cm
504 _aIndex included
650 _aSurgery
_9323
650 _aMCQs in surgery
_910932
942 _2z
_cO_SHELF
_02